000 00510nam a2200193 a 4500
001 1770285653258
003 YourLibrary
005 20260205153744.0
008 260205s2008##################000#0#eng##
020 _a9781598696110
082 0 4 _a332.8HOL
100 1 _aHolton, Lisa,
_eauthor.
245 1 0 _aThe Everything Guide to Mortgages Book :
260 _bAdams Media,
_c2008.
300 _a304 pages
650 0 _aBusiness & Economics.
942 _cENGLISH
040 _aYourLibrary
_beng
_cYourLibrary
999 _c610510
_d610510